| 000 | 00782nam a2200253 i 4500 | ||
|---|---|---|---|
| 001 | bg | ||
| 100 | 1 | _aOTTO, Jacek | |
| 245 | 1 | 0 |
_aMarketing w firmie usługowej / _cJacek Otto. |
| 260 |
_aŁódź : _bWydaw. PŁ, _c2002. |
||
| 300 |
_a269 s. : _bil. ; _c24 cm. |
||
| 490 | 1 | _aSkrypty dla Szkół Wyższych / Politechnika Łódzka | |
| 500 | _aNa grzb. nr kolejny wydawnictw PŁ: 1051. | ||
| 504 | _aBibliogr. | ||
| 650 | 9 |
_aPrzedsiębiorstwo usługowe _xmarketing |
|
| 655 | _aPodręczniki akademickie | ||
| 830 | 0 | _aSkrypty dla Szkół Wyższych (Politechnika Łódzka) | |
| 020 | _a837283086X | ||
| 040 | _cBPK | ||
| 041 | 0 | _apol | |
| 080 | _a658.1/.5:338.46:339.138](075.8) | ||
| 920 | _a83-7283-086-X | ||
| 942 | _cKS | ||
| 008 | s pl f |000 0 pol | ||
| 999 |
_c43395 _d43395 |
||
| 856 |
_uhttp://koha.tu.koszalin.pl/cgi-bin/koha/opac-detail.pl?biblionumber=43395 _yKatalog online BPK |
||